000 00442pab a2200169 454500
008 180718b2013 xxu||||| |||| 00| 0 eng d
100 _aShukla, S.P.
245 _aMyopia, distortions and blind spots in the vision document of AAP
260 _c2013
300 _ap.16-18.
362 _a16 Feb
650 _aAam Aadmi Party
650 _aPolitical parties
773 _aEconomic and Political Weekly
908 _aN
909 _a102340
999 _c102338
_d102338